Biển và đảo Việt Nam (Mấy lời hỏi đáp)

Sách gồm 5 phần. Phần 1: không gian biển, đảo Việt Nam. Phần 2: đời sống biển đảo. Phần 3: thăng trầm biển đảo. Phần 4: biển và đảo Việt Nam trong phát triển hội nhập. phần 5: hướng về biển đảo....

पूर्ण विवरण

में बचाया:
ग्रंथसूची विवरण
मुख्य लेखक: Hà, Minh Đông
स्वरूप: पुस्तक
भाषा:Undetermined
प्रकाशित: Thành phố Hồ Chí Minh Tổng hợp thành phố Hồ Chí Minh 2012
विषय:
टैग : टैग जोड़ें
कोई टैग नहीं, इस रिकॉर्ड को टैग करने वाले पहले व्यक्ति बनें!
Thư viện lưu trữ: Trung tâm Học liệu Trường Đại học Cần Thơ
LEADER 01073nam a2200217Ia 4500
001 CTU_185807
008 210402s9999 xx 000 0 und d
020 |c 60000 
082 |a 320.109597 
082 |b Đ455 
100 |a Hà, Minh Đông 
245 0 |a Biển và đảo Việt Nam (Mấy lời hỏi đáp) 
245 0 |c Hà Minh Đông (chủ biên), Trần Thuận (đồng chủ biên) 
260 |a Thành phố Hồ Chí Minh 
260 |b Tổng hợp thành phố Hồ Chí Minh 
260 |c 2012 
520 |a Sách gồm 5 phần. Phần 1: không gian biển, đảo Việt Nam. Phần 2: đời sống biển đảo. Phần 3: thăng trầm biển đảo. Phần 4: biển và đảo Việt Nam trong phát triển hội nhập. phần 5: hướng về biển đảo. 
650 |a Territorial,Chủ quyền biển đảo Việt Nam 
650 |x Law and policy 
910 |a Ngô Hồng Xuân 
980 |a Trung tâm Học liệu Trường Đại học Cần Thơ